000 00432cam6a220018100 4500
001 tmp15950281
003 UPRA
005 20190830104432.0
008 951115s1985 at eng u
020 _a0140077073
035 _a(Sirsi) r25703
050 _aPL 848.A8 DAV 1985
100 1 _aDavy, Ross
245 1 0 _aKenzo :
_ba Tokyo story
260 _aVictoria, Australia :
_bPenguin,
_c1985
300 _a167p.
650 _a
999 _c185888
_d185888